00593nam a2200157 a 450000100100000000500170001000800410002704000250006808200150009324501190010826000470022730000210027404900090029595201140030499900170041800003419020200930070843.0110927s19-- cu 000 0 spa d aDO-SdBNPbspacBNPHU axxxxbV64800aVida y obra de Juan Gualberto Gómez :bseis selecciones (en su centenario) /cpor Angelina Edreira de Caballero. aHabana :bImpreso por R. Mendez,c[19--?]. a199 p. ;c24 cm. aBNGR 0010507-18MOaGRbGRcOId2011-09-27iLF1l0oxxxx V648p34190-10r2020-06-25w2020-06-25y1ZNo se presta c33681d33681